| 000 | 00472nam a22001817a 4500 | ||
|---|---|---|---|
| 003 | CEME | ||
| 005 | 20210628204623.0 | ||
| 008 | 210222b xxu||||| |||| 00| 0 eng d | ||
| 020 | _a0-8247-8132-5 | ||
| 040 | _c. | ||
| 082 | _a658.562 QUA'P | ||
| 100 |
_aPyzdek, Thomas Berger, Roger _971310 |
||
| 245 | _aQuality engineering handbook | ||
| 260 |
_aNEWYORK _bMARCEL DEKKER _c1992 |
||
| 300 | _a617P | ||
| 650 |
_aRELIABILITY QUALITY CONTROL _971311 |
||
| 942 |
_cBK _2ddc |
||
| 999 |
_c577897 _d577897 |
||